000 00794cam4a220024100 4500
001 lce00018723
008 711215s1971 cau b 001 0 eng
010 _a 75150652 //r86
020 _a071670935X
_a0716709341 (pbk)
020 _c
_6.00
035 _a(Sirsi) r108079
035 _a(DLC) 75150652 //r86
035 _a(UPRA)lce00018723
050 0 _aHT1521
_b.O85
082 _a301/.0422
100 1 _aOsborne, Richard H. (Richard Hazelet).
_qOsborne, Richard H. (Richard Hazelet).
_6A66435.1
245 1 4 _aThe biological and social meaning of race,
_cedited by Richard H. Osborne.
260 _aSan Francisco,
_bW. H. Freeman
_c[1971]
504 _aIncludes bibliographies.
650 0 _aRace.
_6S3418.1
949 _aHT1521
_wlcc
_i-154082
_mMAIN
_tBOOK
_lON-SHELF
004 108079
999 _c176514
_d176514